| 000 | 01056nam a2200301 i 4500 | ||
|---|---|---|---|
| 001 | 000045482 | ||
| 003 | DO-SdBNP | ||
| 005 | 20240417080359.0 | ||
| 007 | ta | ||
| 008 | 150409s2014 dr a r 001 0 spa d | ||
| 020 | _a9789945472455 | ||
| 040 |
_aDO-SdBNP _bspa _cBNPHU _erda |
||
| 082 |
_a540.7 _bQ59q _222 |
||
| 100 | 1 |
_aQuezada, Rafael _973532 |
|
| 245 | 1 | 0 |
_aQuímica general : _bguía de ejercicios y problemas / _cRafael Quezada. |
| 264 | 1 |
_aSanto Domingo : _bInstituto Tecnológico de Santo Domingo, _c2014. |
|
| 300 |
_a2 volúmenes _bilustraciones _c28 cm. |
||
| 336 |
_2rdacontent _atexto _btxt |
||
| 337 |
_2rdamedia _asin mediación _bn |
||
| 338 |
_2rdacarrier _avolumen _bnc |
||
| 504 | _aBibliografía : p. 119-120, v.2 : 180-182 | ||
| 590 | _aInventariado, 2020/BT | ||
| 650 |
_aQuímica general _xExperimentos. _977314 |
||
| 650 | 4 |
_aQuímica _vProblemas, ejercicios, etc. _977315 |
|
| 650 | 4 |
_aQuímica analística _vManuales de laboratorio _977316 |
|
| 710 | 2 |
_aInstituto Tecnológico de Santo Domingo _978911 |
|
| 942 |
_2ddc _cLBS1 |
||
| 999 |
_c44971 _d44971 |
||